Исследование микроэлектромеханического датчика перемещения; Современные техника и технологии; Т. 1

Bibliografiske detaljer
Parent link:Современные техника и технологии: сборник трудов XVII международной научно-практической конференции студентов, аспирантов и молодых ученых, Томск, 18-22 апреля 2011 г/ Национальный исследовательский Томский политехнический университет (ТПУ).— , 2011
Т. 1.— 2011.— [С. 462-464]
Hovedforfatter: Жидков А. П.
Andre forfattere: Ляпунов Д. Ю. Данил Юрьевич (научный руководитель), Данекер В. А. Валерий Аркадьевич
Summary:Заглавие с титульного экрана
Sprog:russisk
Udgivet: 2011
Serier:Электромеханика
Fag:
Online adgang:http://www.lib.tpu.ru/fulltext/c/2011/C01/V01/229.pdf
Format: Electronisk Book Chapter
KOHA link:https://koha.lib.tpu.ru/cgi-bin/koha/opac-detail.pl?biblionumber=235172

MARC

LEADER 00000naa2a2200000 4500
001 235172
005 20260310093052.0
035 |a (RuTPU)RU\TPU\book\256302 
035 |a RU\TPU\book\256296 
090 |a 235172 
100 |a 20130405d2011 k y0rusy50 ca 
101 0 |a rus 
102 |a RU 
135 |a drnn ---uucaa 
181 0 |a i  
182 0 |a b 
200 1 |a Исследование микроэлектромеханического датчика перемещения  |f А. П. Жидков, Д. Ю. Ляпунов  |g науч. рук. В. А. Данекер 
203 |a Текст  |c электронный 
225 1 |a Электромеханика 
300 |a Заглавие с титульного экрана 
320 |a [Библиогр.: с. 464 (4 назв.)] 
337 |a Adobe Reader 
461 1 |0 (RuTPU)RU\TPU\book\255301  |t Современные техника и технологии  |o сборник трудов XVII международной научно-практической конференции студентов, аспирантов и молодых ученых, Томск, 18-22 апреля 2011 г  |o в 3 т.  |f Национальный исследовательский Томский политехнический университет (ТПУ)  |d 2011 
463 1 |0 (RuTPU)RU\TPU\book\255306  |t Т. 1  |v [С. 462-464]  |d 2011 
610 1 |a труды учёных ТПУ 
610 1 |a электронный ресурс 
610 1 |a исследование 
610 1 |a микроэлектромеханические датчики 
610 1 |a датчики систем 
610 1 |a перемещения 
700 1 |a Жидков  |b А. П. 
701 1 |a Ляпунов  |b Д. Ю.  |c специалист в области электротехники  |c доцент Томского политехнического университета, кандидат технических наук  |f 1982-  |g Данил Юрьевич  |3 (RuTPU)RU\TPU\pers\26526  |9 12220 
702 1 |a Данекер  |b В. А.  |c специалист в области дистанционного образования  |c заместитель директора института Томского политехнического университета  |f 1954-  |g Валерий Аркадьевич  |4 727 
801 2 |a RU  |b 63413507  |c 20160124  |g RCR 
856 4 |u http://www.lib.tpu.ru/fulltext/c/2011/C01/V01/229.pdf 
942 |c CF